[Event "Wattens op 05th"]
[Site "Wattens"]
[Date "1990.07.21"]
[Round "1"]
[White "Muehlbacher, Friedrich"]
[Black "Vukovic, Ivo"]
[Result "0-1"]
[WhiteElo "1710"]
[BlackElo "2310"]
[PlyCount "99"]
[EventDate "1990.07.21"]
[EventType "swiss"]
[EventRounds "9"]
[EventCountry "AUT"]
[SourceTitle "EXT 2006"]
[Source "ChessBase"]
[SourceDate "2005.11.24"]
[SourceVersion "1"]
[SourceVersionDate "2005.11.24"]
[SourceQuality "1"]

1. c4 Nf6 2. Nc3 d6 3. d4 e5 4. dxe5 dxe5 5. Qxd8+ Kxd8 6. Bg5 c6 7. 0-0-0+ Kc7 8. Ne4 Be7 9. Nxf6 gxf6 10. Bh4 Be6 11. e3 Nd7 12. Bd3 a5 13. Ne2 Nc5 14. Bc2 Bxc4 15. Nc3 Be6 16. f4 Rae8 17. h3 h5 18. Rd2 exf4 19. exf4 f5 20. Bxe7 Rxe7 21. Re1 Ree8 22. Re5 b6 23. Rde2 Nd7 24. R5e3 Reg8 25. b3 Rh6 26. g3 Rhg6 27. Rg2 R6g7 28. h4 Rg4 29. Bd1 Rxh4 30. gxh4 Rxg2 31. Rh3 Nf6 32. Bf3 Rf2 33. Kb1 b5 34. Ne2 Bd5 35. Nd4 b4 36. Rg3 c5 37. Bxd5 cxd4 38. Bxf7 Ne4 39. Rd3 Rxf4 40. Bxh5 Nc3+ 41. Kc2 Rxh4 42. Bg6 Rf4 43. Bh5 Kd6 44. Rf3 Rxf3 45. Bxf3 Ke5 46. Kd3 Nxa2 47. Bc6 Nc1+ 48. Kc4 d3 49. Bf3 d2 50. Kb5 0-1